| 000 | 00929nas a2200313 4500 | ||
|---|---|---|---|
| 001 | BR9801358 | ||
| 003 | BR-BrBNA | ||
| 005 | 20231205100957.0 | ||
| 007 | ta | ||
| 008 | 230509b bl.|||p| |||| 00| 00por d | ||
| 040 |
_aBR-BrBNA _bpor _cBiblioteca Nacional de Agricultura |
||
| 041 | _a(Pt) | ||
| 072 | _aF61; P34 | ||
| 100 | 1 | _aLima, P.C. | |
| 100 | 1 | _aPaula Junior, T.J. de | |
| 100 | 1 | _aZambolim, L. | |
| 245 | 1 | _aEfeito de fungos micorrizicos vesiculo-arbusculares no crescimento de Eucalyptus grandis, em condicoes de campo | |
| 650 | _aEucalipto | ||
| 650 | _aFungo | ||
| 650 | _aMicorriza | ||
| 650 | _aSimbiose | ||
| 650 | _aTransplante de Planta | ||
| 650 | _aMuda | ||
| 650 | _aCampo Experimental | ||
| 650 | _aPerformance | ||
| 773 | 0 |
_tRevista Arvore (Brazil) _xISSN 0100-6762 _g(May-Aug 1994), v. 18(2) p. 169-178 _wBR9801358 |
|
| 909 |
_a202311 _bLúcia _c55 _dLúcia Elande |
||
| 942 |
_2AGRIS _n0 _cANA |
||
| 999 |
_c159119 _d159119 |
||